Odpoutaný balón : [verše] /

Main Author: Macháček, Jan, 1955-
Other Authors: Hubálková, Hana, ilustrátorka
Language: Czech
Published: Praha : Mladá fronta, 1990
Edition: 1. vyd.
Series: Ladění (Mladá fronta)
Physical Description: 51 s. ; 16 cm
Book
Saved in:
LEADER 00870nam a2200265 a 4500
001 000484568
003 CZ BrMZK
005 20211119124440.0
007 ta
008 910109s1990 xr f 000 m cze d
015 |a cnb000057854 
020 |a 80-204-0183-0  |q (Brož.) 
040 |a BOA001  |b cze 
080 |a 885.0-14  |2 MRF 
100 1 |a Macháček, Jan,  |d 1955-  |7 jk01072943  |4 aut 
245 1 0 |a Odpoutaný balón :  |b [verše] /  |c Jan Macháček ; Obálka a graf. úprava Hana Hubálková 
250 |a 1. vyd. 
260 |a Praha :  |b Mladá fronta,  |c 1990 
300 |a 51 s. ;  |c 16 cm 
490 1 |a Ladění (Mladá fronta) ;  |v Sv. 22 
700 1 |a Hubálková, Hana,  |c ilustrátorka  |4 ill 
830 0 |a Ladění (Mladá fronta)  |0 s 
910 |a BOA001  |b 1-0962.020 
990 |a BK 
996 6 |b 2619606278  |c 1-0962.020  |l MZK  |r Sklad / do 1 hodiny  |n 1  |w 000484568  |u 000010  |a 1  |e BOA001  |j MZK50  |s P